Coldest Cities in Europe - Statistics

General Stats
  • This quiz has been taken 207 times
  • The average score is 11 of 18
Answer Stats
Answer % Correct
Moscow
97%
Oslo
96%
Stockholm
95%
Helsinki
94%
Saint Petersburg
88%
Kiev
78%
Minsk
75%
Kazan
53%
Kharkiv
53%
Nizhny Novgorod
52%
Volgograd
52%
Samara
47%
Donetsk
45%
Perm
45%
Ufa
43%
Bucharest
33%
Voronezh
29%
Saratov
28%
No matching quizzes found
Score Distribution
Percent of People with Each Score
Percentile by Number Answered
Your Score History
You have not taken this quiz